Brand Logos That Start with J - Statistics

General Stats
  • This quiz has been taken 3,692 times
  • The average score is 8 of 20
Answer Stats
Picture Answer % Correct
Jaguar
92%
Jordan
91%
JetPunk
89%
John Deere
71%
Jack Daniel's
69%
Johnson & Johnson
55%
Jelly Belly
50%
JVC
48%
Jägermeister
42%
JBL
42%
JD
37%
JCPenney
31%
JCB
19%
Japan Airlines
17%
J.Crew
15%
Jockey
13%
Joma
12%
Jaeger-leCoultre
9%
Jose Cuervo
7%
Jimmy Choo
5%
No matching quizzes found
Score Distribution
Percent of People with Each Score
Percentile by Number Answered
Your Score History
You have not taken this quiz